Sistema reticuloendotelial y acciones quimioterapéuticas / por Carlos Cardenal y de Salas
MARC
| LEADER | 00000nam a2200000Ia 4500 | ||
|---|---|---|---|
| 001 | 22561 | ||
| 008 | 160829s9999 xx 000 0 cat d | ||
| 080 | |a RF-15-101 | ||
| 100 | |a Cardenal y de Salas, Carlos |9 47602 | ||
| 245 | |a Sistema reticuloendotelial y acciones quimioterapéuticas / por Carlos Cardenal y de Salas | ||
| 260 | |a Barcelona : |b Tipografía de Santiago Vives, [1929?] | ||
| 300 | |a 19 p. ; |c 24 cm | ||
| 590 | |a A la part superior del títol: Tesis de doctorado. | ||
| 590 | |a A la coberta: Tesis presentada para la obtención y merecimiento del grado de Doctor y distinguido por el tribunal oficial a tal efecto nombrado con la calificación de Sobresaliente. | ||
| 590 | |a Prové de 4157, exp. 97 | ||
| 650 | |a Sistema reticuloendotelial |9 47603 | ||
| 650 | |a Quimioteràpia |x Experiments |9 47604 | ||
| 856 | 4 | |u https://media.diba.cat/diba/fitxers/arxiu/fulletons/bib_22561_1929_baixa.pdf |y Accés lliure | |
| 856 | 4 | |u https://media.diba.cat/diba/fitxers/arxiu/fulletons/bib_22561_1929_baixa.pdf |y Accés lliure | |
| 901 | |a Arxiu | ||
| 942 | |n 1 |2 udc | ||
| 952 | |0 0 |1 0 |4 0 |6 RF15101 |7 1 |9 53996 |a Arxiu |b Arxiu |d 2016-12-01 |l 0 |o RF-15-101 |p 22561 |r 2016-12-01 00:00:00 |w 2016-12-01 |y ARXIU | ||
| 999 | |c 57864 |d 57864 | ||
| 900 | |a bib_22561_1929_baixa.pdf | ||